000 00645nam a2200241Ia 4500
003 OSt
005 20220926001013.0
006 a|||||r|||| 00| 0
007 ta
008 220923b |||||||| |||| 00| 0 eng d
020 _a8179080064
037 _cGeneral Book
040 _aRTL
_cRTL
_beng
041 _2eng
_aeng
082 _aU7.2.P, P4
100 _aSyed M H
_938773
245 0 _aIndia
_b A Journey through ages
260 _a New Delhi
_bKilaso Books India
_c2004
300 _aviii, 392p
_ccm.
650 _aHistorical Geography
942 _hU7.2.P, P4
_cGB
_2CC
999 _c600198
_d600198